01191nam a2200181Ia 45000010005000000080041000050200018000462450061000642600045001253000020001705200622001905460012008126500018008246500046008429420007008889990015008959520099009106550260430s9999 xx 000 0 und d a9780525573883 0aContact High: A visual history of Hip-Hop/ cVikki Tobak aNY; bClarkson Potter Publishers; c2018 a288p; c33x26cm aFeaturing rare outtakes from over 100 photoshoots alongside interviews and essays from industry legends, Contact High: A Visual History of Hip-Hop takes readers on a chronological journey from old-school to alternative hip-hop and from analog to digital photography. The ultimate companion for music and photography enthusiasts, Contact High is the definitive history of hip-hop’s early days, celebrating the artists that shaped the iconic album covers, t-shirts and posters beloved by hip-hop fans today. With essays from BILL ADLER, RHEA L. COMBS, FAB 5 FREDDY, MICHAEL GONZALES, YOUNG GURU, DJ PREMIER, and RZA  aEnglish aHip Hop99385 aTR624-835 Technology- Applied Photography cBK c6550d6550 001040708TaSAFL bPHGALd2026-04-27l0oTR624-835 83.246p6550r2026-04-30w2026-04-30yBK